Comparison of RAPD and RFLP genetic markers in determining genetic similarity among Brassica oleracea L genotypes (Record no. 56016)

MARC details
000 -LEADER
fixed length control field 00513nam a2200181Ia 4500
100 ## - MAIN ENTRY--AUTHOR NAME
Personal name dos Santos J B
245 #0 - TITLE STATEMENT
Title Comparison of RAPD and RFLP genetic markers in determining genetic similarity among Brassica oleracea L genotypes
260 ## - PUBLICATION, DISTRIBUTION, ETC. (IMPRINT)
Name of publisher Theoretical and Applied Genetics
Year of publication 1994
300 ## - PHYSICAL DESCRIPTION
Number of Pages 909-915
650 ## - SUBJECT ADDED ENTRY--TOPICAL TERM
Topical Term RAPD
650 ## - SUBJECT ADDED ENTRY--TOPICAL TERM
Topical Term RFLP
700 ## - ADDED ENTRY--PERSONAL NAME
Personal name Nienhuis J
700 ## - ADDED ENTRY--PERSONAL NAME
Personal name Skroch P
700 ## - ADDED ENTRY--PERSONAL NAME
Personal name Slocum M K
700 ## - ADDED ENTRY--PERSONAL NAME
Personal name Tivang J
942 ## - ADDED ENTRY ELEMENTS (KOHA)
Koha item type Journals
Holdings
Withdrawn status Lost status Damaged status Not for loan Home library Current library Shelving location Date acquired Serial Enumeration / chronology Koha item type
      Journals RRII Library RRII Library RAPD 17/12/2021 Volume 87, Issue 8 Journals